Library Banner

The early history of Multan (Record no. 71094)

MARC details
000 -LEADER
fixed length control field 00403nam a22001577a 4500
005 - DATE AND TIME OF LATEST TRANSACTION
control field 20150513151104.0
008 - FIXED-LENGTH DATA ELEMENTS--GENERAL INFORMATION
fixed length control field 150513b xxu||||| |||| 00| 0 eng d
020 ## - INTERNATIONAL STANDARD BOOK NUMBER
International Standard Book Number 9695340966
040 ## - CATALOGING SOURCE
Transcribing agency PK-LaUMT
082 ## - DEWEY DECIMAL CLASSIFICATION NUMBER
Classification number KHC 954.9145
Item number LAT-M
100 ## - MAIN ENTRY--PERSONAL NAME
Personal name Latif , Muhammad
245 ## - TITLE STATEMENT
Title The early history of Multan
Statement of responsibility, etc Muhammad Latif
260 ## - PUBLICATION, DISTRIBUTION, ETC. (IMPRINT)
Place of publication, distribution, etc Lahore
Name of publisher, distributor, etc Beacon books
Date of publication, distribution, etc 2006
300 ## - PHYSICAL DESCRIPTION
Extent 109 p.
942 ## - ADDED ENTRY ELEMENTS (KOHA)
Koha item type Books
Holdings
Withdrawn status Lost status Damaged status Home library Current library Date acquired Full call number Barcode Date last seen Price effective from Koha item type
      UMT Main Campus UMT Main Campus 2015-05-13 KHC 954.9145 LAT-M 73320 2015-05-13 2015-05-13 Books